000 01006nam a2200265Ia 4500
003 OSt
005 20220923211148.0
006 a|||||r|||| 00| 0
007 ta
008 220922b |||||||| |||| 00| 0 hin d
020 _a8187482672 (pbk)
_c200
024 _a353,025
037 _bGV723, 11/03/2020, Vani Prakashan
_cTextual
040 _aARTS
_cARTS
_bhin
041 _2hin
_ahin
082 _aR6x, 152P6
100 _aख़ॉं, वहीदुद्दीन, ले.
_9158954
245 0 _aकामयाब ज़िन्दगी के पॉंच अध्याय
246 _aKāmayāb ज़indagī ke paॉancha adhyāya
260 _aबीकानेर
_b वाग्देवी प्रकाशन
_c2016
300 _a216पृ.
_ccm.
650 _aदर्शनशास्त्र
_9158955
942 _hR6x, 152P6
_cTEXL
_2CC
999 _c296164
_d296164